Countries With the Most Foreign Players in Ligue 1 - Statistics

General Stats
  • This quiz has been taken 135 times
  • The average score is 19 of 26
Answer Stats
No. of Players Answer % Correct
86 Spain
93%
207 Brazil
90%
68 Germany
90%
69 Italy
90%
82 Portugal
90%
214 Argentina
89%
75 England
87%
72 Belgium
85%
172 Algeria
83%
117 Morocco
83%
161 Senegal
83%
75 Netherlands
77%
118 Cameroon
73%
66 Switzerland
73%
76 Poland
72%
61 Tunisia
70%
115 Cote d'Ivoire
69%
54 Croatia
66%
102 Austria
65%
75 Denmark
65%
83 Mali
63%
53 Uruguay
63%
122 Serbia
57%
51 D.R. Congo
50%
65 Czech Republic
47%
96 Hungary
39%
No matching quizzes found
Score Distribution
Percent of People with Each Score
Percentile by Number Answered
Your Score History
You have not taken this quiz